Statistiques concernant Quiz sur la Seconde Guerre mondiale

Cliquez ici pour prendre le quiz!

Statistiques générales

  • Ce quiz a été pris 2 514 fois
  • Le résultat moyen est 11 sur 16

Statistiques - réponses

QuestionRéponse% Correct
Le 1er septembre 1939,la 2nde GM débute par l'invasion de quel pays ?Pologne
98%
Le 7 décembre 1941,quel pays attaque la base américaine de Pearl Harbor ?Japon
89%
Dans quelle région française a lieu le débarquement allié du 6 juin 1944 ?Normandie
85%
Le 30 avril 1945,Hitler meurt lors du siège de Berlin. Comment meurt-il ?Suicide
85%
A partir de juin 1940,quel homme politique britannique,devenu 1er ministre,devient le symbole de la résistance à l'Allemagne en décidant de laisser le Royaume-Uni poursuivre la guerreWinston Churchill
83%
Après l'armistice français,dans quelle ville se réfugie le général de Gaulle,chef de la résistance française ?Londres
80%
Quelles sont les deux villes japonaises où ont lieu les bombardements atomiques d'août 1945 ?Hiroshima et Nagasaki
79%
Quelle bataille décisive,opposant les Allemands aux Soviétiques de juillet 1942 à février 1943,marque un tournant de la 2nde GMBataille de Stalingrad
77%
Quel Français unifie la Résistance en créant le Conseil national de la Résistance avant d'être torturé puis tué par les Nazis ?Jean Moulin
70%
Comment est appelé le génocide de 6 millions de Juifs lors de la Seconde Guerre mondiale ?Shoah
67%
De septembre 1939 à mai 1940,bien qu'officiellement en guerre,les troupes alliées et allemandes ne se combattent quasiment pas. Comment surnomme-t-on cette période ?Drôle de guerre
59%
Dans quelle ville soviétique se déroule en février 1945 une conférence entre les alliés (Etats-Unis,URSS et Royaume-Uni) chargé de planifier l'après-guerre ?Yalta
57%
En avril 1941,quel pays européen tient en échec l'armée italienne et se retrouve envahi seulement parce que les Allemands sont venus en renfort pour aider les Italiens ?Grèce
50%
Comment se nomme l'opération d'invasion de l'Union soviétique par les Allemands ? (Nom donné en hommage à un empereur germanique)Opération Barbarossa
48%
Quelle est la 1ere ville de France métropolitaine à être libérée en septembre 1943 ?Ajaccio
18%
Quel général français,en charge de l'armée française au début du conflit,voit sa stratégie mise en déroute lors de la bataille de France (mai-juin 1940) ?Maurice Gamelin
13%

Distribution des résultats

Percentile par nombre de réponses

% des personnes avec chaque résultat

Votre développement - résultats

Vous n’avez pas pris ce quiz